Czy znasz wyniki meczów ligi mistrzów sezonu 2018/19? - Statystyki

Ogólne statystyki
  • Ten quiz został rozwiązany 344 razy
    283 od ostatniego zresetowania
  • Średni wynik to 18 z 125
Statystyki odpowiedzi
Mecz Wynik % Poprawnych
FINAŁ Tottenham vs Liverpool 0:2
61%
A. As Monaco vs Atletico Madryt 1:2
55%
Rew. 1/2 Ajax vs Tottenham 2:3
47%
A. Fc Brugge vs Borussia Dortmund 0:1
43%
1/2 Fc Barcelona vs Liverpool 3:0
43%
1/2 Tottenham vs Ajax 0:1
37%
A. Atletico Madryt vs Fc Brugge 3:1
31%
1/4 Tottenham vs Manchester City 1:0
28%
1/4 Ajax vs Juventus 1:1
26%
Rew. 1/8 Real Madryt vs Ajax 1:4
26%
Rew. 1/8 Juventus vs Atletico Madryt 3:0
26%
1/4 Manchester United vs FC Barcelona 0:1
25%
1/8 Ajax vs Real Madryt 1:2
25%
Rew. 1/8 Paris Saint Germain vs Manchester United 1:3
25%
1/8 Manchester United vs Paris Saint Germain 0:2
24%
1/8 Atletico Madryt vs Juventus 2:0
24%
1/8 Liverpool vs Bayen Monachium 0:0
23%
Rew. 1/8 Bayern Monachium vs Liverpool 1:3
23%
A. Borussia Dortmund vs As Monaco 3:0
23%
Rew. 1/2 Liverpool vs Fc Barcelona 3:0
23%
1/8 Olympique Lyon vs FC Barcelona 0:0
22%
Rew. 1/8 Borussia Dortmund vs Tottenham 0:1
22%
A. Fc Brugge vs As Monaco 1:1
22%
1/4 Liverpool vs Fc Porto 2:0
22%
1/8 As Roma vs Fc Porto 2:1
21%
1/8 Tottenham vs Borussia Dortmund 3:0
21%
Rew. 1/8 Fc Porto vs As Roma 3:1
21%
Rew. 1/8 FC Barcelona vs Olympique Lyon 5:1
21%
1/8 Schalke vs Manchester City 2:3
20%
Rew. 1/8 Manchester City vs Schalke 7:0
20%
B. Inter Mediolan vs Tottenham 2:1
17%
C. Liverpool vs PSG 3:2
17%
B. Fc Barcelona vs PSV Eindhoven 4:0
17%
A. Atletico Madryt vs Borussia Dortmund 2:0
16%
B. Tottenham vs Fc Barcelona 2:4
16%
B. Inter Mediolan vs Fc Barcelona 1:1
15%
B. Fc Barcelona vs Tottenham 1:1
15%
B. PSV Eindhoven vs Inter Mediolan 1:2
15%
C. Crvena Zvezda vs Liverpool 2:0
15%
A. Borussia Dortmund vs Atletico Madryt 4:0
15%
C. Napoli vs Liverpool 1:0
14%
B. Inter Mediolan vs PSV Eindhoven 1:1
14%
B. Fc Barcelona vs Inter Mediolan 2:0
14%
B. Tottenham vs PSV Eindhoven 2:1
14%
G. Real Madryt vs As Roma 3:0
14%
E. Ajax vs Bayern Monachium 3:3
14%
H. Manchester United vs Juventus 0:1
13%
H. Valencia vs Juventus 0:2
13%
B. Tottenham vs Inter Mediolan 1:0
13%
C. Liverpool vs Napoli 1:0
13%
H. Juventus vs Manchester United 1:2
13%
A. Atletico Madryt vs As Monaco 2:0
13%
C. PSG vs Liverpool 2:1
13%
B. PSV Eindhoven vs Tottenham 2:2
13%
C. Liverpool vs Crvena Zvezda 4:0
13%
C. Napoli vs PSG 1:1
12%
E. Bayern Monachium vs Ajax 1:1
12%
B. PSV Eindhoven vs Fc Barcelona 1:2
12%
Rew. 1/4 Fc Porto vs Liverpool 1:2
12%
A. Borussia Dortmund vs As Monaco 2:0
12%
C. PSG vs Napoli 2:2
12%
A. Borussia Dortmund vs Fc Brugge 0:0
11%
A. Atletico Madryt vs Fc Brugge 0:0
11%
C. Crvena Zvezda vs Napoli 0:0
11%
E. Benfica vs Bayern Monachium 0:2
11%
G. Real Madryt vs CSKA Moskwa 0:3
11%
H. BSC Young Boys vs Manchester United 0:3
11%
A. As Monaco vs Fc Brugge 0:4
11%
G. CSKA Moskwa vs Real Madryt 1:0
11%
H. Juventus vs Valencia 1:0
11%
C. Crvena Zvezda vs PSG 1:4
11%
H. Valencia vs Manchester United 2:1
11%
H. BSC Young Boys vs Juventus 2:1
11%
H. Juventus vs BSC Young Boys 3:0
11%
C. PSG vs Crvena Zvezda 6:1
11%
H. Manchester United vs Valencia 0:0
10%
E. AEK Ateny vs Bayern Monachium 0:2
10%
G. As Roma vs Real Madryt 0:2
10%
H. Manchester United vs BSC Young Boys 1:0
10%
E. Benfica vs Ajax 1:1
10%
H. BSC Young Boys vs Valencia 1:1
10%
F. Manchester City vs Olympique Lyon 1:2
10%
E. Bayern Monachium vs AEK Ateny 2:0
10%
E. Ajax vs AEK Ateny 3:0
10%
C. Napoli vs Crvena Zvezda 3:1
10%
E. AEK Ateny vs Ajax 0:2
9%
F. Szachtar vs Manchester City 0:3
9%
G. Viktoria Pilzno vs Real Madryt 0:5
9%
E. Ajax vs Benfica 1:0
9%
F. Hoffenheim vs Manchester City 1:2
9%
G. Real Madryt vs Viktoria Pilzno 2:1
9%
F. Olympique Lyon vs Manchester City 2:2
9%
F. Manchester City vs Szachtar 6:0
9%
D. Schalke vs Fc Porto 1:1
8%
F. Szachtar vs Olympique Lyon 1:1
8%
G. CSKA Moskwa vs As Roma 1:2
8%
F. Olympique Lyon vs Szachtar 2:2
8%
E. AEK Ateny vs Benfica 2:3
8%
G. As Roma vs CSKA Moskwa 3:0
8%
H. Valencia vs BSC Young Boys 3:1
8%
E. Bayern Monachium vs Benfica 5:1
8%
D. Galatasaray vs Schalke 0:0
7%
D. Lokomotiw vs Schalke 0:1
7%
D. Fc Porto vs Galatasaray 1:0
7%
E. Benfica vs AEK Ateny 1:0
7%
F. Szachtar vs Hoffenheim 2:2
7%
F. Olympique Lyon vs Hoffenheim 2:2
7%
G. Viktoria Pilzno vs CSKA Moskwa 2:2
7%
D. Galatasaray vs Lokomotiw 3:0
7%
D. Schalke vs Lokomotiw 1:0
6%
F. Manchester City vs Hoffenheim 1:1
6%
G. CSKA Moskwa vs Viktoria Pilzno 1:2
6%
D. Lokomotiw vs Fc Porto 1:3
6%
G. Viktoria Pilzno vs As Roma 2:1
6%
F. Hoffenheim vs Szachtar 2:3
6%
F. Hoffenheim vs Olympique Lyon 3:3
6%
G. As Roma vs Viktoria Pilzno 5:0
6%
D. Schalke vs Galatasaray 2:0
5%
D. Lokomotiw vs Galatasaray 2:0
5%
D. Galatasaray vs Fc Porto 2:3
5%
D. Fc Porto vs Schalke 3:1
5%
D. Fc Porto vs Lokomotiw 4:1
5%
Rew. 1/4 Fc Barcelona vs Manchester United 1:4
2%
Rew. 1/4 Manchester City vs Tottenham 3:0
2%
Rew. 1/4 Juventus vs Ajax 4:3
2%
Nie znaleziono quizów pasujących do podanych kryteriów
Rozkład punktacji
Procent ludzi z każdym wynikiem
Percentyl według liczby udzielonych odpowiedzi
Twoja historia wyników
Nie rozwiązałeś tego quizu od ostatniego zresetowania